MDQL
is popping MORE tags! Check the
thread
!
Quizzes
Events
Quiz Creation
Community
Videos
Private Events
Remove Ads
Sign In
Join for FREE
Feedback
Dark Mode
Quiz Categories
Sports
Geography
Music
Movies
Television
Just For Fun
Miscellaneous
History
Literature
Language
Science
Gaming
Entertainment
Religion
Holiday
For Kids
Quiz Lab
Recent
Popular Today
Quiz Kudos Today
Editor Picks
Curator Picks
Quizzes by...
Day
Popularity
Type
Ratings
Length
Year
Community
Subscriptions
Recent Discussions
Orange Saloon
Badges
Playlists
Quests
Create
Leaderboards
Showdown
Live 5
Trivia Bingo
Activity
Puzzle Library
Sporcle Events
Private Events
Virtual Trivia
Globe League
Become a Host
Pub Owners
SporcleCon
Opinionation
Our Games
Videos
Blog
Mobile Apps
Partnerships
Remove Ads and Go Orange
Feedback
Gaming
Video Games
Board Games
Card Games
Pokémon
Mario
Nintendo
Minecraft
Console
Toys
Legend of Zelda
Gaming
Video Games
Board Games
Card Games
Pokémon
Mario
Nintendo
Minecraft
Console
Toys
Legend of Zelda
Random Quiz
Search Sporcle
×
Quiz Lab
Quiz Lab
Gaming
Pokémon
Type in answers that appear in a list
Type in answers that appear in a list
Classic
Best Score? Go Orange.
All Pokèmon Steel Types Stats
Can you name the All Pokèmon Steel Types?
By
Da_Muth11
10m
48 Questions
48 Plays
48 Plays
48 Plays
Comments
Comments
Give Quiz Kudos
Give Quiz Kudos
-
- Ratings
hide this ad
Replay
Link that replays current quiz
Next Quiz
Link to next quiz in quiz playlist
You Got
0%
They Got
Avg Score
51%
Avg Friend Score
Upgrade to see
Score Distribution
Jump to the score distribution portion of the page
Score
0/48
Timer
10:00
0
Plays Today
Hint
Answer
% Correct
Steelix
87.5%
Magnemite
85.4%
Magneton
83.3%
Magnezone
79.2%
Aron
77.1%
Aggron
72.9%
Metang
68.8%
Metagross
68.8%
Scizor
68.8%
Lairon
66.7%
Doublade
64.6%
Empoleon
64.6%
Beldum
62.5%
Dialga
62.5%
Heatran
62.5%
Mawile
60.4%
Honedge
60.4%
Aegislash
60.4%
Lucario
58.3%
Bronzor
56.3%
Klefki
56.3%
Bronzong
54.2%
Forretress
54.2%
Shieldon
52.1%
Hint
Answer
% Correct
Bastiodon
52.1%
Ferroseed
52.1%
Ferrothorn
52.1%
Klang
50%
Pawniard
50%
Bisharp
50%
Registeel
47.9%
Klink
47.9%
Klinklang
47.9%
Durant
47.9%
Jirachi
45.8%
Probopass
45.8%
Cobalion
43.8%
Excadrill
43.8%
Genesect
41.7%
Escavalier
33.3%
Wormadam
20.8%
Mega Steelix
18.8%
Mega Mawile
18.8%
Mega Metagross
18.8%
Mega Aggron
16.7%
Mega Scizor
16.7%
Mega Lucario
12.5%
Skarmoory
2.1%
Quiz Playlist
Details
Report
Send in Message
Add To Playlist
Classic:
Type in answers that appear in a list
Last Updated: Feb 16, 2017
Quiz Scoreboard
CHALLENGE
Sign Up to Join the Scoreboard
Show All
Scores
Hide
Comments
May contain spoilers
Recently Published
Street Fighter Characters
by Artimus82
Gaming
60s
9x9 Crossword: Cartoon Network
by jackfrog10
Miscellaneous
3m
College Basketball Coaching Resumes
by pancakes188
Sports
9m
More to Explore
Quiz From the Vault
Featured Blog Post
Where Did the Easter Bunny Come From?
hide this ad
You Might Also Like...
Tags
Pokémon Quiz
All Pokémon
steel
Today's Top Quizzes in Gaming
Browse Gaming
hide this ad
Today's Top Quizzes in Pokémon
Browse Pokémon
Top Contributed Quizzes in Gaming
1
5-to-1: Consoles
2
7-to-1: Board Game Piece Blitz
3
5-to-1: Legend of Zelda
4
League of Legends Pro Players by Career/Team History
5
Destiny 2 exotic weapons by perk icons
6
Ultimate Genshin Impact Logic Puzzle (up to 4.3)
7
Franchise by Action Figure
8
Who's on the WWE 2K24 Cover?
9
Genshin Impact Logic Puzzle Quiz
10
Order the Pokémon Regions
Explore More
Trending Topics
Anime
Harry Potter
Crossword
Kpop
Marvel
Disney
NBA
NFL
The Office
Puzzle
Pokémon
Soccer
WWE
Song
Country
hide this ad
More By:
Da_Muth11
Quiz
Plays
Rating
Category
Featured
Created
All Pokèmon Steel Types
48
Gaming
May 8, 2015
Da_Muth11 Dream Team NBA2K15
42
1.00
Sports
May 8, 2015
Guess that friend
6
Just For Fun
May 27, 2015
Go to Creator's Profile
Score Distribution
Quiz Creator Spotlight
Da_Muth11
Follow
Send a Message
Quizzes Created
-
Created Quiz Play Count
-
More By This Creator
Popular Quizzes Today
1
Find the US States - No Outlines Minefield
2
Find the Countries of Europe - No Outlines Minefield
3
The Countries of the World
4
Find the US States
5
Risky Map Clicking: Biggest States A-Z
6
US States
7
Popular People in 1961
8
Movies - When Are They Set?
More Gaming Quizzes
15 in 15: Gen. 1 Pokémon II
Published
Trending Quizzes
Risky Map Clicking: Least Populous States A-Z
1-10 Letter G Words
Risky Map Clicking: Next State Alphabetically
Adjectives in 80s TV Shows
The Seven Year Switch: Catherine
Recently Updated
Leaping Animals
pecheneg
Reality TV Shows (A-Z)
bhenderson79
Rickey Henderson's Hall of Fame Teammates
pecheneg
Champions League XIs: Arsenal
pecheneg
Quick Pick: Celebrities in WWE's Hall of Fame
aduchscher
A-Z Keypad Blitz II
pecheneg
Multiple Oscar Actors
pecheneg
Mystery Phrase Blitz: Oscar 'Best Actors'
pecheneg
F. Scott Fitzgerald Novels
LTH
Pick 3 Villains
ddd62291
Trending Topics
Disney
NBA
Marvel
Anime
Crossword
Harry Potter
Kpop
Country
Song
The Office
WWE
Pokémon
Soccer
NFL
Puzzle
Your Account Isn't Verified!
In order to create a playlist on Sporcle, you need to verify the email address you used during registration. Go to your
Sporcle Settings
to finish the process.
Report this User
Report this user for behavior that violates our
Community Guidelines
.
Details:
Send Report
Go to the Sporcle.com Mobile Site →
Comments